Ecuaciones diferenciales con problemas con valores en la frontera

Tallennettuna:
Bibliografiset tiedot
Päätekijät: Zill, Dennis G (Tekijä), Cullen, Michael R (Tekijä)
Aineistotyyppi: Kirja
Kieli:espanja
Julkaistu: Cuernavaca Cengage Learning 2009
Painos:7a. ed
Aiheet:
Linkit:Disponible Online
Tagit: Lisää tagi
Ei tageja, Lisää ensimmäinen tagi!

MARC

LEADER 00000cam a2200000 a 4500
001 UCD0713
003 CL-VaPUC
005 20230613100129.0
008 151210e20090000mx |||||||||||||||||spa|d
999 |c 362175  |d 362173 
020 |a 9789708300384 
040 |c Pontificia Universidad Católica de Valparaíso 
082 0 4 |a 515.35  |b ZIL  |2 21 
100 0 |a Zill, Dennis G  |e author  |9 583712 
245 1 0 |a Ecuaciones diferenciales con problemas con valores en la frontera 
250 |a 7a. ed 
260 |a Cuernavaca  |b Cengage Learning  |c 2009 
300 |a 526 p 
583 |a last modification  |c 20151210 22:58:00  |k Rodrigo Vera 
650 0 |a Ecuaciones diferenciales  |9 260083  |x Problemas con valores en la frontera 
700 0 |a Cullen, Michael R  |e author  |9 583713 
852 |a BIBCUR 
856 4 |u http://bibliografiaobligatoria.pucv.cl/index.php/bibliotecapucv/catalog/book/54  |y Disponible Online  
942 |c BK  |2 ddc 
945 |d 20151210 22:58:00  |a dcastane 
952 |0 0  |1 0  |3 erb  |4 0  |6 515_350000000000000_ZIL_2009  |7 0  |8 A  |9 473128  |a BIBMAT  |b BIBMAT  |i 525681K  |l 4  |o 515.35 ZIL 2009  |p 525681K  |r 2025-01-07  |s 2023-08-28  |w 2019-11-24  |y BK  |z Catalogado en:20151210  |k MAT 
952 |0 0  |1 0  |3 erb  |4 0  |6 515_350000000000000_ZIL_2009  |7 0  |8 A  |9 473129  |a BIBMAT  |b BIBMAT  |i 5256801  |l 5  |m 2  |o 515.35 ZIL 2009  |p 5256801  |q 2025-05-12  |r 2025-04-21  |s 2025-04-21  |w 2019-11-24  |y BK  |z Catalogado en:20151210  |k MAT 
952 |0 0  |1 0  |3 erb  |4 0  |6 515_350000000000000_ZIL_2009  |7 0  |8 A  |9 473130  |a BIBMAT  |b BIBMAT  |i 5256798  |l 12  |m 12  |o 515.35 ZIL 2009  |p 5256798  |r 2025-01-07  |s 2023-08-07  |w 2019-11-24  |y BK  |z Catalogado en:20151210  |k MAT